SHL (Swedish Hockey League) Teams by Instagram Followers - Statistics

General Stats
  • This quiz has been taken 37 times
  • The average score is 8 of 14
Answer Stats
Followers Team % Correct
124.000 Frölunda HC
92%
97.200 Djurgården Hockey
85%
87.400 Brynäs IF
65%
82.300 Färjestad BK
65%
75.500 HV 71
62%
73.000 Luleå Hockey
58%
59.400 Skellefteå AIK
58%
50.300 Rögle BK
54%
65.800 Leksands IF
50%
34.900 Malmö Redhawks
46%
36.500 Örebro Hockey
46%
37.600 Linköping Hockey Club
42%
29.700 Timrå IK
42%
42.500 Växjö Lakers
42%
No matching quizzes found
Score Distribution
Percent of People with Each Score
Percentile by Number Answered
Your Score History
You have not taken this quiz